000 01290cam a22001814a 4500
005 20250605164030.0
008 250528s ||||||||||||||||||||||||d
035 _a16593
040 _aGR-AtMCL
_bgre
_dGR-AtMCL
_eAACR2
245 1 _aΣτοιχεία Εργατικής Νομοθεσίας / Για τους Σπουδαστές Επαγγελματικών Σχολών
260 _bΘεσσαλονίκη,
_c1981
300 _a176
520 _aΣύμβαση Εργασίας, Κανονισμοί Εργασίας, Μισθωτοί, Εργοδότες, Διαδικασία Προσλήψεως - Απολύσεως Μισθωτών, Ασθένεια, Εργατικό Ατύχημα, Τοκετός, Απεργία, Διαθεσιμότητα, Ανεργία, Στράτευση, Άδεια - Επίδομα Άδειας Μισθωτών, Χρονικά Όρια Εργασίας, Υπερεργασία, Υπερωρίες, Εβδομαδιαία Ανάπαυση, Ημέρες Αργίας, Εξαιρέσιμες Εορτές, Νυκτερινή Εργασία, Οδοιπορικά Έξοδα,Μισθός - Έννοια, Τρόπος Υπολογισμού κ.λ.π.
700 1 _aΛαναράς Κων. Δ
_92682
942 _cBK
999 _c2076
_d2076